| 000 | 02313cam a2200301 4500500 | ||
|---|---|---|---|
| 005 | 20251228075733.0 | ||
| 041 | _afre | ||
| 042 | _adc | ||
| 100 | 1 | 0 |
_aRey Hanson, Hélène _eauthor |
| 700 | 1 | 0 |
_aRinaldi Baud, Isabelle _eauthor |
| 700 | 1 | 0 |
_aGirard, Jacques _eauthor |
| 245 | 0 | 0 | _aViolences conjugales et domestiques : autonomie et dépendance dans le système thérapeutique |
| 260 | _c2009. | ||
| 500 | _a20 | ||
| 520 | _aL’objectif de cet article est de développer un positionnement éthique ainsi qu’un cadre thérapeutique visant à préserver l’autonomie des thérapeutes et celle des patients dans les situations de violences conjugales/ domestiques. A partir d’exemples cliniques, l’impact des caractéristiques spécifiques des situations de violences conjugales/domestiques sur les indications de thérapie de couple et/ou de famille est discuté. | ||
| 520 | _aIntimate partner and domestic violence: autonomy and dependence in the therapeutic system. The article aims at developing an ethical standpoint and a therapeutic framework in order to preserve both the therapist’s and the patient’s autonomy in situations of intimate partner/domestic violence. Based on clinical examples, the impact of the specific characteristics of intimate partner/domestic violence situations on the indications for couple and/or family therapy is discussed. | ||
| 520 | _aViolencia maritales y domésticas: autonomía y dependencia en sistema terapéutico. Este artículo tiene como objetivo de desarrollar una posición ética y un contexto terapéutico con el fin de proteger la autonomía de los terapeutas y de los pacientes en las situaciones de violencias maritales/domésticas. Con la ayuda de ejemplos clínicos el impacto de la terapia de pareja y/o de familia sobre la violencia de pareja o domestica se discute. | ||
| 690 | _aAutonomie | ||
| 690 | _aCadre thérapeutique | ||
| 690 | _aEthique | ||
| 690 | _aViolences conjugales/domestiques | ||
| 690 | _aAutonomy | ||
| 690 | _aEthics | ||
| 690 | _aIntimate partner/domestic violence | ||
| 690 | _aTherapeutic framework | ||
| 786 | 0 | _nThérapie Familiale | 29 | 4 | 2009-01-06 | p. 447-457 | 0250-4952 | |
| 856 | 4 | 1 | _uhttps://shs.cairn.info/revue-therapie-familiale-2008-4-page-447?lang=fr&redirect-ssocas=7080 |
| 999 |
_c1598166 _d1598166 |
||